000 00600nam a22002177a 4500
003 OSt
005 20140310183102.0
008 130304t xxu||||| |||| 00| 0 eng d
020 _a97897156056
050 _aLB 1115
_b.Sa161 2010
100 _aSalana, June P.
245 _aFIELD STUDY 3 :
_cJune P. Salana
_b TECHNOLOGY IN THE LEARNING ENVIRONMENT /
260 _aManila :
_bRex Book Store,
_c2010.
300 _a77p. :
_c25 cm.
521 _aEDU
650 _aTeaching
_vLeaning materials.
650 _aLearning
_vMulitmedia.
942 _2lcc
_cBK
_kLOC
999 _c18747
_d18747